000 00542nam a2200181Ia 4500
008 240729s9999 xx 000 0 und d
022 _a2173-5808
245 0 _aNeurología (English Edition)
260 _aSpain
260 _bElsevier España
650 _a Internal medicine
650 _a Neurology. Diseases of the nervous system
650 _a Neurosciences. Biological psychiatry. Neuropsychiatry
650 _aMedicine
856 _uhttps://doaj.org/toc/bb8ce168f4b1409998d6815a6afbaea5
942 _2ddc
942 _cDOAJEJ
999 _c72203
_d72203
945 _a1
_bMadushi Gamage
_c1
_dMadushi Gamage